Left-Wingers by Picture #2 - Statistics

General Stats
  • This quiz has been taken 109 times
  • The average score is 9 of 16
Answer Stats
Picture Answer % Correct
Mahatma Gandhi
92%
Nelson Mandela
92%
Mikhail Gorbachev
89%
Leon Trotsky
78%
Oscar Wilde
77%
Alexandria Ocasio-Cortez
76%
Josip Tito
62%
Pablo Picasso
61%
Nicolás Maduro
58%
Evo Morales
48%
Noam Chomsky
47%
Thomas Sankara
32%
Helen Keller
22%
Mikhail Bakunin
20%
Eugene V Debs
19%
Richard Wolff
16%
No matching quizzes found
Score Distribution
Percent of People with Each Score
Percentile by Number Answered
Your Score History
You have not taken this quiz